<?xml version="1.0" encoding="UTF-8"?>
<collection xmlns="http://www.loc.gov/MARC21/slim">
 <record>
  <leader>02656cam a2200565   4500</leader>
  <controlfield tag="001">015453774</controlfield>
  <controlfield tag="003">DE-627</controlfield>
  <controlfield tag="005">20240328184302.0</controlfield>
  <controlfield tag="007">tu</controlfield>
  <controlfield tag="008">900911s1990    sz |||||      00| ||ger c</controlfield>
  <datafield tag="015" ind1=" " ind2=" ">
   <subfield code="a">89,N48,0443</subfield>
   <subfield code="2">dnb</subfield>
  </datafield>
  <datafield tag="016" ind1="7" ind2=" ">
   <subfield code="a">891666583</subfield>
   <subfield code="2">DE-101</subfield>
  </datafield>
  <datafield tag="020" ind1=" " ind2=" ">
   <subfield code="a">3858655058</subfield>
   <subfield code="9">3-85865-505-8</subfield>
  </datafield>
  <datafield tag="035" ind1=" " ind2=" ">
   <subfield code="a">(DE-627)015453774</subfield>
  </datafield>
  <datafield tag="035" ind1=" " ind2=" ">
   <subfield code="a">(DE-576)019517742</subfield>
  </datafield>
  <datafield tag="035" ind1=" " ind2=" ">
   <subfield code="a">(DE-599)GBV015453774</subfield>
  </datafield>
  <datafield tag="035" ind1=" " ind2=" ">
   <subfield code="a">(OCoLC)21674665</subfield>
  </datafield>
  <datafield tag="035" ind1=" " ind2=" ">
   <subfield code="a">(OCoLC)310831933</subfield>
  </datafield>
  <datafield tag="035" ind1=" " ind2=" ">
   <subfield code="a">(OCoLC)612550648</subfield>
  </datafield>
  <datafield tag="040" ind1=" " ind2=" ">
   <subfield code="a">DE-627</subfield>
   <subfield code="b">ger</subfield>
   <subfield code="c">DE-627</subfield>
   <subfield code="e">rakwb</subfield>
  </datafield>
  <datafield tag="041" ind1=" " ind2=" ">
   <subfield code="a">ger</subfield>
  </datafield>
  <datafield tag="044" ind1=" " ind2=" ">
   <subfield code="c">XA-CH</subfield>
  </datafield>
  <datafield tag="050" ind1=" " ind2="0">
   <subfield code="a">ND853.H348</subfield>
  </datafield>
  <datafield tag="082" ind1="0" ind2=" ">
   <subfield code="a">759.0404</subfield>
  </datafield>
  <datafield tag="084" ind1=" " ind2=" ">
   <subfield code="a">KU 772 HER</subfield>
   <subfield code="2">sfb</subfield>
  </datafield>
  <datafield tag="084" ind1=" " ind2=" ">
   <subfield code="a">KU 17 ZÜR</subfield>
   <subfield code="2">sfb</subfield>
  </datafield>
  <datafield tag="084" ind1=" " ind2=" ">
   <subfield code="a">46</subfield>
   <subfield code="2">sdnb</subfield>
  </datafield>
  <datafield tag="084" ind1=" " ind2=" ">
   <subfield code="a">9,10</subfield>
   <subfield code="2">ssgn</subfield>
  </datafield>
  <datafield tag="100" ind1="1" ind2=" ">
   <subfield code="a">Wüthrich, Lucas Heinrich</subfield>
   <subfield code="d">1927-2022</subfield>
   <subfield code="0">(DE-588)106505351</subfield>
   <subfield code="0">(DE-627)538257180</subfield>
   <subfield code="0">(DE-576)163631182</subfield>
   <subfield code="4">aut</subfield>
  </datafield>
  <datafield tag="245" ind1="1" ind2="4">
   <subfield code="a">Der sogenannte &quot;Holbein-Tisch&quot;</subfield>
   <subfield code="b">Geschichte und Inhalt der bemalten Tischplatte des Basler Malers Hans Herbst von 1515 ; ein frühes Geschenk an die Burger-Bibliothek Zürich, 1633 ; vom &quot;Niemand&quot;, vom bestohlenen Krämer und von den Lustbarkeiten des Lebens</subfield>
   <subfield code="c">Lucas Wüthrich</subfield>
  </datafield>
  <datafield tag="264" ind1=" " ind2="1">
   <subfield code="a">Zürich</subfield>
   <subfield code="b">Rohr</subfield>
   <subfield code="c">1990</subfield>
  </datafield>
  <datafield tag="300" ind1=" " ind2=" ">
   <subfield code="a">208 S.</subfield>
   <subfield code="b">132 Ill.</subfield>
   <subfield code="c">24 cm</subfield>
   <subfield code="e">3 Falt-Beil.</subfield>
  </datafield>
  <datafield tag="336" ind1=" " ind2=" ">
   <subfield code="a">Text</subfield>
   <subfield code="b">txt</subfield>
   <subfield code="2">rdacontent</subfield>
  </datafield>
  <datafield tag="337" ind1=" " ind2=" ">
   <subfield code="a">ohne Hilfsmittel zu benutzen</subfield>
   <subfield code="b">n</subfield>
   <subfield code="2">rdamedia</subfield>
  </datafield>
  <datafield tag="338" ind1=" " ind2=" ">
   <subfield code="a">Band</subfield>
   <subfield code="b">nc</subfield>
   <subfield code="2">rdacarrier</subfield>
  </datafield>
  <datafield tag="490" ind1="1" ind2=" ">
   <subfield code="a">Mitteilungen der Antiquarischen Gesellschaft in Zürich (Kantonaler Verein für Geschichte und Altertumskunde</subfield>
   <subfield code="v">57 = Neujahrsbl. 154</subfield>
  </datafield>
  <datafield tag="490" ind1="1" ind2=" ">
   <subfield code="a">Neujahrsblatt / Antiquarische Gesellschaft in Zürich</subfield>
   <subfield code="v">154</subfield>
  </datafield>
  <datafield tag="583" ind1="1" ind2=" ">
   <subfield code="a">Archivierung/Langzeitarchivierung gewährleistet</subfield>
   <subfield code="f">SSG</subfield>
   <subfield code="x">XA-DE-BW</subfield>
   <subfield code="2">pdager</subfield>
   <subfield code="5">DE-16</subfield>
  </datafield>
  <datafield tag="583" ind1="1" ind2=" ">
   <subfield code="a">Archivierung prüfen</subfield>
   <subfield code="c">20240324</subfield>
   <subfield code="f">DE-4165</subfield>
   <subfield code="z">2</subfield>
   <subfield code="2">pdager</subfield>
  </datafield>
  <datafield tag="653" ind1=" " ind2="0">
   <subfield code="a">Herbst, Hans</subfield>
   <subfield code="a">1470-1552</subfield>
   <subfield code="a">Criticism and interpretation</subfield>
  </datafield>
  <datafield tag="689" ind1="0" ind2="0">
   <subfield code="d">u</subfield>
   <subfield code="0">(DE-588)4227115-0</subfield>
   <subfield code="0">(DE-627)104966351</subfield>
   <subfield code="0">(DE-576)210319798</subfield>
   <subfield code="a">Herbst, Hans</subfield>
   <subfield code="d">1468-1550</subfield>
   <subfield code="t">Holbein-Tisch</subfield>
   <subfield code="2">gnd</subfield>
  </datafield>
  <datafield tag="689" ind1="0" ind2=" ">
   <subfield code="5">(DE-627)</subfield>
  </datafield>
  <datafield tag="787" ind1="0" ind2="8">
   <subfield code="i">Rezensiert in</subfield>
   <subfield code="a">Müller, Christian, 1952 - </subfield>
   <subfield code="t">[Rezension von: Wüthrich, Lucas, Der sogenannte &quot;Holbein-Tisch&quot;]</subfield>
   <subfield code="d">1991</subfield>
   <subfield code="w">(DE-627)1862675252</subfield>
  </datafield>
  <datafield tag="810" ind1="2" ind2=" ">
   <subfield code="a">Antiquarische Gesellschaft in Zürich</subfield>
   <subfield code="t">Mitteilungen der Antiquarischen Gesellschaft in Zürich</subfield>
   <subfield code="v">57</subfield>
   <subfield code="9">57</subfield>
   <subfield code="w">(DE-627)129850152</subfield>
   <subfield code="w">(DE-576)015148858</subfield>
   <subfield code="w">(DE-600)280134-6</subfield>
   <subfield code="7">ns</subfield>
  </datafield>
  <datafield tag="810" ind1="2" ind2=" ">
   <subfield code="a">Antiquarische Gesellschaft in Zürich</subfield>
   <subfield code="t">Neujahrsblatt / Antiquarische Gesellschaft in Zürich</subfield>
   <subfield code="v">154</subfield>
   <subfield code="9">154</subfield>
   <subfield code="w">(DE-627)131155091</subfield>
   <subfield code="w">(DE-576)042897149</subfield>
   <subfield code="w">(DE-600)1132076-X</subfield>
   <subfield code="7">ns</subfield>
  </datafield>
  <datafield tag="935" ind1=" " ind2=" ">
   <subfield code="i">Blocktest</subfield>
  </datafield>
  <datafield tag="951" ind1=" " ind2=" ">
   <subfield code="a">BO</subfield>
  </datafield>
  <datafield tag="990" ind1=" " ind2=" ">
   <subfield code="a">Herbst, Hans / Holbein-Tisch</subfield>
  </datafield>
  <datafield tag="991" ind1=" " ind2=" ">
   <subfield code="a">Rezensiertes Werk</subfield>
  </datafield>
  <datafield tag="999" ind1=" " ind2=" ">
   <subfield code="a">KXP-PPN015453774</subfield>
   <subfield code="e">4459986078</subfield>
  </datafield>
 </record>
</collection>
